Risk assessment and management for ships and offshore structures /

Bibliographic Details
Main Author: Bai, Yong
Corporate Author: ScienceDirect (Online service)
Other Authors: Paik, Jeom Kee
Format: eBook
Language:English
Published: [S.l.] : GULF PROFESSIONAL, 2022.
Subjects:
Online Access:Connect to the full text of this electronic book

MARC

Tag First Indicator Second Indicator Subfields
LEADER 00000cam a22000007a 4500
001 in00005773021
005 20260327175723.3
006 m o d
007 cr |n|||||||||
008 240409s2022 xx o 000 0 eng d
040 |a YDX  |b eng  |c YDX  |d OCLCO  |d OPELS  |d OCLCO 
020 |a 9780128187470  |q (electronic bk.) 
020 |a 0128187476  |q (electronic bk.) 
020 |z 9780128187463 
020 |z 0128187468 
035 |a (OCoLC)1428943702 
050 4 |a VK200 
082 0 4 |a 363.1232  |2 23/eng/20240509 
049 |a TXAM 
100 1 |a Bai, Yong. 
245 1 0 |a Risk assessment and management for ships and offshore structures /  |c Yong Bai, Jeom Kee Paik. 
260 |a [S.l.] :  |b GULF PROFESSIONAL,  |c 2022. 
300 |a 1 online resource 
336 |a text  |b txt  |2 rdacontent 
337 |a computer  |b c  |2 rdamedia 
338 |a online resource  |b cr  |2 rdacarrier 
588 0 |a Print version record. 
650 0 |a Ships  |x Risk assessment. 
650 0 |a Offshore structures  |x Risk assessment. 
650 6 |a Navires  |x Évaluation du risque. 
650 6 |a Structures offshore  |x Évaluation du risque. 
655 7 |a Electronic books.  |2 local 
700 1 |a Paik, Jeom Kee. 
710 2 |a ScienceDirect (Online service) 
776 0 8 |c Original  |z 0128187468  |z 9780128187463  |w (OCoLC)1302581261 
776 0 8 |i Print version:  |a Bai, Yong.  |t Risk assessment and management for ships and offshore structures.  |d Amsterdam : Gulf Professional Publishing, 2023  |z 9780128187463  |w (OCoLC)1363816413 
856 4 0 |u http://proxy.library.tamu.edu/login?url=https://www.sciencedirect.com/science/book/9780128187463  |z Connect to the full text of this electronic book  |t 0 
955 |a Elsevier ScienceDirect 2026-2027 
994 |a 92  |b TXA 
999 f f |i 1fd73fb9-29fe-464e-b924-200e810eaa15  |s 06d3a469-b676-4abb-89c0-3edd6f01fef8  |t 0 
952 f f |a Texas A&M University  |b College Station  |c Electronic Resources  |s www_evans  |d Available Online  |t 0  |e VK200   |h Library of Congress classification 
998 f f |a VK200   |t 0  |l Available Online